Statistics for Oscars Female Directors Quiz

Click here to take the quiz!

General Stats

  • This quiz has been taken 215 times
    (29 since last reset)
  • The average score is 5 of 8

Answer Stats

YearMovieDirector% Correct
2018Lady BirdGreta Gerwig
89%
2004Lost in TranslationSofia Coppola
86%
2022,
1994
The Power of the Dog,
The Piano
Jane Campion
71%
2010The Hurt LockerKathryn Bigelow
71%
2021NomadlandChloé Zhao
68%
2024Anatomy of a FallJustine Triet
50%
2021Promising Young WomanEmerald Fennell
46%
1977Seven BeautiesLina Wertmüller
11%

Score Distribution

Percentile by Number Answered

Percent of People with Each Score

Your Score History

You have not taken this quiz since the last reset